Las comunidades autónomas dispuestas a crecer (Registro nro. 47676)
[ vista simple ]
| 000 -CABECERA | |
|---|---|
| Longitud fija campo de control | 01789naa a2200445 c 4500 |
| 001 - NÚMERO DE CONTROL | |
| Número de control | 47676 |
| 003 - IDENTIFICADOR DE NÚMERO DE CONTROL | |
| Identificador del número de control | ES-MaCES |
| 005 - FECHA Y HORA DE LA ÚLTIMA TRANSACCIÓN | |
| Fecha y hora de la última transacción | 20160519140205.0 |
| 008 - CAMPO FIJO DE DESCRIPCIÓN FIJA--INFORMACIÓN GENERAL | |
| Códigos de información de longitud fija | 160519s2016 sp ||||| t||||||| ||spa d |
| 040 ## - FUENTE DE CATALOGACIÓN | |
| Centro catalogador de origen | ES-MaCES |
| Lengua de catalogación | spa |
| Centro transcriptor | ES-MaCES |
| Centro modificado | ES-MaCES |
| 245 04 - MENCIÓN DE TÍTULO | |
| Título | Las comunidades autónomas dispuestas a crecer |
| Mención de responsabilidad, etc. | Coordinado por María José Moral |
| 650 #4 - ASIENTO SECUNDARIO DE MATERIA--TÉRMINO DE MATERIA | |
| 9 (RLIN) | 27094 |
| Término de materia o nombre geográfico como elemento inicial | crecimiento económico |
| 650 #4 - ASIENTO SECUNDARIO DE MATERIA--TÉRMINO DE MATERIA | |
| 9 (RLIN) | 27093 |
| Término de materia o nombre geográfico como elemento inicial | desarrollo económico |
| 650 #4 - ASIENTO SECUNDARIO DE MATERIA--TÉRMINO DE MATERIA | |
| 9 (RLIN) | 27103 |
| Término de materia o nombre geográfico como elemento inicial | recuperación económica |
| 650 #4 - ASIENTO SECUNDARIO DE MATERIA--TÉRMINO DE MATERIA | |
| 9 (RLIN) | 27102 |
| Término de materia o nombre geográfico como elemento inicial | crisis económica |
| 650 #4 - ASIENTO SECUNDARIO DE MATERIA--TÉRMINO DE MATERIA | |
| 9 (RLIN) | 29186 |
| Término de materia o nombre geográfico como elemento inicial | desarrollo regional |
| 650 #4 - ASIENTO SECUNDARIO DE MATERIA--TÉRMINO DE MATERIA | |
| 9 (RLIN) | 30768 |
| Término de materia o nombre geográfico como elemento inicial | Comunidades Autónomas |
| 650 #4 - ASIENTO SECUNDARIO DE MATERIA--TÉRMINO DE MATERIA | |
| 9 (RLIN) | 30791 |
| Término de materia o nombre geográfico como elemento inicial | Andalucia |
| 650 #4 - ASIENTO SECUNDARIO DE MATERIA--TÉRMINO DE MATERIA | |
| 9 (RLIN) | 30778 |
| Término de materia o nombre geográfico como elemento inicial | Aragón |
| 650 #4 - ASIENTO SECUNDARIO DE MATERIA--TÉRMINO DE MATERIA | |
| 9 (RLIN) | 30783 |
| Término de materia o nombre geográfico como elemento inicial | Asturias (Comunidad Autónoma) |
| 650 #4 - ASIENTO SECUNDARIO DE MATERIA--TÉRMINO DE MATERIA | |
| 9 (RLIN) | 30884 |
| Término de materia o nombre geográfico como elemento inicial | Baleares (Comunidad Autónoma) |
| 650 #4 - ASIENTO SECUNDARIO DE MATERIA--TÉRMINO DE MATERIA | |
| 9 (RLIN) | 26798 |
| Término de materia o nombre geográfico como elemento inicial | Islas Canarias |
| 650 #4 - ASIENTO SECUNDARIO DE MATERIA--TÉRMINO DE MATERIA | |
| 9 (RLIN) | 30793 |
| Término de materia o nombre geográfico como elemento inicial | Cantabria (Comunidad Autónoma) |
| 650 #4 - ASIENTO SECUNDARIO DE MATERIA--TÉRMINO DE MATERIA | |
| 9 (RLIN) | 30782 |
| Término de materia o nombre geográfico como elemento inicial | Castilla y León |
| 650 #4 - ASIENTO SECUNDARIO DE MATERIA--TÉRMINO DE MATERIA | |
| 9 (RLIN) | 30885 |
| Término de materia o nombre geográfico como elemento inicial | Castilla-La Mancha |
| 650 #4 - ASIENTO SECUNDARIO DE MATERIA--TÉRMINO DE MATERIA | |
| 9 (RLIN) | 30774 |
| Término de materia o nombre geográfico como elemento inicial | Cataluña |
| 650 #4 - ASIENTO SECUNDARIO DE MATERIA--TÉRMINO DE MATERIA | |
| 9 (RLIN) | 30798 |
| Término de materia o nombre geográfico como elemento inicial | Extremadura |
| 650 #4 - ASIENTO SECUNDARIO DE MATERIA--TÉRMINO DE MATERIA | |
| 9 (RLIN) | 30804 |
| Término de materia o nombre geográfico como elemento inicial | Galicia |
| 650 #4 - ASIENTO SECUNDARIO DE MATERIA--TÉRMINO DE MATERIA | |
| 9 (RLIN) | 30777 |
| Término de materia o nombre geográfico como elemento inicial | Madrid (Comunidad Autónoma) |
| 650 #4 - ASIENTO SECUNDARIO DE MATERIA--TÉRMINO DE MATERIA | |
| 9 (RLIN) | 30881 |
| Término de materia o nombre geográfico como elemento inicial | Murcia (Comunidad Autónoma) |
| 650 #4 - ASIENTO SECUNDARIO DE MATERIA--TÉRMINO DE MATERIA | |
| 9 (RLIN) | 30886 |
| Término de materia o nombre geográfico como elemento inicial | Navarra (Comunidad Autónoma) |
| 650 #4 - ASIENTO SECUNDARIO DE MATERIA--TÉRMINO DE MATERIA | |
| 9 (RLIN) | 30799 |
| Término de materia o nombre geográfico como elemento inicial | País Vasco |
| 650 #4 - ASIENTO SECUNDARIO DE MATERIA--TÉRMINO DE MATERIA | |
| 9 (RLIN) | 30883 |
| Término de materia o nombre geográfico como elemento inicial | La Rioja (Comunidad Autónoma) |
| 650 #4 - ASIENTO SECUNDARIO DE MATERIA--TÉRMINO DE MATERIA | |
| 9 (RLIN) | 30772 |
| Término de materia o nombre geográfico como elemento inicial | Valencia (Comunidad Autónoma) |
| 653 10 - TÉRMINO DE INDEXACIÓN--NO CONTROLADO | |
| Término no controlado | Economía |
| 700 1# - ENCABEZAMIENTO SECUNDARIO--NOMBRE PERSONAL | |
| 9 (RLIN) | 18988 |
| Nombre de persona | Moral Rincón, María José |
| 773 0# - ENTRADA DE DOCUMENTO FUENTE | |
| Itemnumber del ítem fuente | 84384 |
| Lugar, editor y fecha de publicación | Madrid (Padre Damián, 48, 28036) Fundación Fondo para la Investigación Económica y Social, Obra Social de la Confederación Española de Cajas de Ahorros |
| Otro identificador del documento | 087286 |
| Título | Papeles de economía española |
| Número de control del registro relacionado | (ES-MaCES)25203 |
| Parte(s) relacionada(s) | n. 148 (2016) {10187 R. 087286} ; 219p. |
| 902 ## - CES. TIPO DE DOCUMENTO | |
| Tipodoc (006$c Sirtex) | MON Monográfico de revista |
| 942 ## - ELEMENTOS KOHA | |
| Fuente de clasificaión o esquema | Clasificación propia del CES |
| Koha [por defecto] tipo de item | Artículos (1982-2017) |
| Parte de clasificación | Economía |
No hay ítems disponibles.
